000 00342nam a2200145Ia 4500
008 221030s9999 xx 000 0 und d
041 _aEnglish
082 _a105.23
100 _aP. Raja
245 0 _aAdditional 8085 & 8086 Programs
_cby P. Raja
260 _bUmesh Pub
_aDelhi
_c2007
300 _a46
650 _aBE Computer
942 _cBK
999 _c3073
_d3073